[Event "FICGS class D 000109 email"]
[Site "FICGS email"]
[Date "2008.11.05"]
[Round "1"]
[White "Morgan, Peter"]
[Black "Murittu, Massimiliano"]
[Result "1-0"]
[WhiteElo "1770"]
[BlackElo "1654"]
[PlyCount "71"]
[EventDate "2008.??.??"]
[EventType "tourn (corr)"]
[EventRounds "6"]
[SourceTitle "Corr 2022"]
[Source "ChessBase"]
[SourceDate "2021.10.24"]
[SourceVersion "1"]
[SourceVersionDate "2021.10.24"]
[SourceQuality "1"]

1. c4 e5 2. Nc3 Bc5 3. Nf3 Nc6 4. e3 Bb6 5. d4 exd4 6. exd4 Nf6 7. c5 Ba5 8. Bb5 0-0 9. 0-0 d6 10. Qa4 Bxc3 11. bxc3 Bg4 12. Bxc6 bxc6 13. Qxc6 Qc8 14. Rb1 Bf5 15. Rb2 Be4 16. Qb5 Bxf3 17. gxf3 c6 18. Qd3 dxc5 19. Bg5 Qe6 20. dxc5 Rfd8 21. Qe3 Rd5 22. Bxf6 Qxf6 23. Re1 h6 24. Rb4 Rad8 25. Rf4 Rf5 26. Rxf5 Qxf5 27. f4 Rd5 28. Qe8+ Kh7 29. Qxc6 Rxc5 30. Qe4 Qg6+ 31. Qxg6+ Kxg6 32. Re4 Rxc3 33. Ra4 Rc7 34. Kg2 f5 35. Kg3 Kh5 36. Ra6 1-0

[Event "FICGS theme 0000 email"]
[Site "FICGS email"]
[Date "2008.08.11"]
[Round "1"]
[White "Murittu, Massimiliano"]
[Black "D Ettorre, Rodolfo"]
[Result "1-0"]
[WhiteElo "1506"]
[BlackElo "1895"]
[PlyCount "57"]
[EventDate "2008.??.??"]
[EventType "swiss (corr)"]
[EventRounds "1"]
[SourceTitle "Corr 2022"]
[Source "ChessBase"]
[SourceDate "2021.10.24"]
[SourceVersion "1"]
[SourceVersionDate "2021.10.24"]
[SourceQuality "1"]

1. d4 Nf6 2. c4 g6 3. Nf3 Bg7 4. Nc3 0-0 5. e4 d6 6. Be2 e5 7. 0-0 Nbd7 8. dxe5 dxe5 9. Be3 c6 10. Qc2 Qc7 11. Rfd1 Re8 12. h3 Nf8 13. Bc5 N6d7 14. Bd6 Qd8 15. Rd2 Qf6 16. Ba3 Ne6 17. Rad1 Qd8 18. Rd6 Qc7 19. Qd2 Nf6 20. c5 Nh5 21. Bc4 Nd4 22. Nxd4 exd4 23. Ne2 Rxe4 24. Nxd4 Nf6 25. b3 Ne8 26. Nf3 Be6 27. Bxe6 Rxe6 28. Rd7 Qc8 29. Ng5 1-0

[Event "FICGS theme 0000 email"]
[Site "FICGS email"]
[Date "2008.08.11"]
[Round "1"]
[White "Murittu, Massimiliano"]
[Black "Parmet, Daniel Edward"]
[Result "1/2-1/2"]
[WhiteElo "1506"]
[BlackElo "1669"]
[PlyCount "72"]
[EventDate "2008.??.??"]
[EventType "swiss (corr)"]
[EventRounds "1"]
[SourceTitle "Corr 2022"]
[Source "ChessBase"]
[SourceDate "2021.10.24"]
[SourceVersion "1"]
[SourceVersionDate "2021.10.24"]
[SourceQuality "1"]

1. d4 Nf6 2. c4 g6 3. Nf3 d6 4. Nc3 Bg7 5. e4 e5 6. Be2 0-0 7. 0-0 Nc6 8. d5 Ne7 9. Nd2 Ne8 10. b4 f5 11. c5 Nf6 12. f3 f4 13. Nc4 g5 14. Ba3 Ng6 15. b5 Ne8 16. b6 axb6 17. cxb6 cxb6 18. Rb1 h5 19. Qb3 g4 20. Nxb6 Qh4 21. fxg4 hxg4 22. Nxa8 g3 23. hxg3 fxg3 24. Rxf8+ Bxf8 25. Qb6 Bh6 26. Bc1 Bxc1 27. Rxc1 Nf4 28. Kf1 Nxg2 29. Qg1 Bh3 30. Bf3 Nf4+ 31. Ke1 Nd3+ 32. Ke2 Nxc1+ 33. Qxc1 g2 34. Qg1 Nf6 35. Nc7 Qg3 36. Ne6 Bg4 1/2-1/2

[Event "FICGS class E 000085 email"]
[Site "FICGS email"]
[Date "2008.06.03"]
[Round "1"]
[White "Murittu, Massimiliano"]
[Black "Higuita, Henry"]
[Result "1-0"]
[WhiteElo "1350"]
[BlackElo "1501"]
[PlyCount "45"]
[EventDate "2008.??.??"]
[EventType "tourn (corr)"]
[EventRounds "5"]
[SourceTitle "Corr 2022"]
[Source "ChessBase"]
[SourceDate "2021.10.24"]
[SourceVersion "1"]
[SourceVersionDate "2021.10.24"]
[SourceQuality "1"]

1. e4 e5 2. Nf3 Nc6 3. Bb5 Nge7 4. 0-0 a6 5. Ba4 d6 6. c3 b5 7. Bc2 Bg4 8. h3 Bxf3 9. Qxf3 Ng6 10. Bb3 Qd7 11. a4 Na7 12. axb5 Nxb5 13. Na3 c6 14. Nxb5 cxb5 15. Bd5 Ra7 16. d3 f6 17. Be3 Ne7 18. Bxa7 Qxa7 19. Ra5 Nxd5 20. exd5 Be7 21. Rfa1 0-0 22. Rxa6 Qc5 23. Rc6 1-0

[Event "FICGS class E 000085 email"]
[Site "FICGS email"]
[Date "2008.06.03"]
[Round "1"]
[White "Murittu, Massimiliano"]
[Black "Konuhov, Konstantin"]
[Result "1/2-1/2"]
[WhiteElo "1350"]
[BlackElo "1311"]
[PlyCount "51"]
[EventDate "2008.??.??"]
[EventType "tourn (corr)"]
[EventRounds "5"]
[SourceTitle "Corr 2022"]
[Source "ChessBase"]
[SourceDate "2021.10.24"]
[SourceVersion "1"]
[SourceVersionDate "2021.10.24"]
[SourceQuality "1"]

1. e4 g6 2. d4 d6 3. Nf3 Bg7 4. Nc3 Nf6 5. Be2 0-0 6. 0-0 c6 7. Be3 d5 8. e5 Ng4 9. Bg5 f6 10. exf6 exf6 11. Bf4 g5 12. Bd2 Nh6 13. Re1 g4 14. Nh4 f5 15. g3 f4 16. Bd3 Bxd4 17. Bxf4 Rxf4 18. gxf4 Qxh4 19. Re8+ Kf7 20. Rxc8 g3 21. Qf3 Qxh2+ 22. Kf1 Qh3+ 23. Ke2 Qxc8 24. Qh5+ Ke7 25. Qh4+ Kd7 26. Qxh6 1/2-1/2

[Event "FICGS class F 000060 email"]
[Site "FICGS email"]
[Date "2008.05.14"]
[Round "1"]
[White "Murittu, Massimiliano"]
[Black "Benreguia, Frederic"]
[Result "1-0"]
[WhiteElo "1350"]
[BlackElo "1135"]
[PlyCount "51"]
[EventDate "2008.??.??"]
[EventType "tourn (corr)"]
[EventRounds "5"]
[SourceTitle "Corr 2022"]
[Source "ChessBase"]
[SourceDate "2021.10.24"]
[SourceVersion "1"]
[SourceVersionDate "2021.10.24"]
[SourceQuality "1"]

1. e4 e5 2. Nf3 Bc5 3. Nxe5 d6 4. Nf3 Nf6 5. d4 Bb6 6. Bd3 d5 7. e5 Qe7 8. Nc3 Nfd7 9. Nxd5 Qe6 10. Bc4 Qg4 11. 0-0 c6 12. Ne3 Qg6 13. Nh4 Qe4 14. Nhf5 0-0 15. Bd3 Qxd4 16. Nxd4 Bxd4 17. Nf5 Re8 18. Nxg7 Kxg7 19. Qg4+ Kh8 20. Qh5 Kg8 21. Qxh7+ Kf8 22. Qh6+ Kg8 23. Bh7+ Kh8 24. Bg6+ Kg8 25. Qh7+ Kf8 26. Qxf7# 1-0